000 00798cam a2200265 a 4500
999 _c8416
_d8416
001 8416
003 BD-JhCC
005 20180224100858.0
008 920217s1959 enkabd 001 0 eng d
035 _a(BD-JhCC)8416
035 _a984548
040 _aANL
_cANL
_dBD-JhCC
041 _aeng
082 0 4 _a330.9
_bSTA 1964
100 1 _aStamp, L. Dudley
_q(Laurence Dudley),
_d1898-1966.
240 1 0 _aRegional geography for higher certificate and intermediate courses
245 1 2 _aA regional geography for advanced and scholarship courses /
_cby Sir Dudley Stamp.
260 _aLondon :
_bLongmans,
_c1959.
300 _a240 p. :
_c22 cm.
505 1 _apt. 1. The Americas.
650 0 _aCommercial geography.
650 0 _aCommercial products.
942 _2ddc
_cBK